Sky atlas 2000.0 : 26 star charts, covering both hemispheres
Αποθηκεύτηκε σε:
| Κύριος συγγραφέας: | |
|---|---|
| Μορφή: | Βιβλίο |
| Γλώσσα: | English |
| Δημοσίευση: |
Cambridge, Mass. : Cambridge :
Sky Pub. Corp. ; , Cambridge University Press,
1981
|
| Έκδοση: | Deluxe ed. |
| Θέματα: | |
| Ετικέτες: |
Προσθήκη ετικέτας
Δεν υπάρχουν, Καταχωρήστε ετικέτα πρώτοι!
|
MARC
| LEADER | 00000cam a2200000 i 4500 | ||
|---|---|---|---|
| 001 | 1/37066 | ||
| 008 | 941103s1981 eng d | ||
| 020 | |a 0933346336 | ||
| 020 | |a 0521244676 | ||
| 035 | |l 10040403 | ||
| 035 | |a 1992 |c ΣΕΙΜΕΝΗΣ | ||
| 040 | |a GR-MY-UA |b gre |e aacr | ||
| 041 | 0 | |a eng | |
| 082 | 0 | |a 523.89 | |
| 100 | 1 | |a Tirion, Wil. | |
| 245 | 1 | 0 | |a Sky atlas 2000.0 : |b 26 star charts, covering both hemispheres / |c Wil Tirion |
| 250 | |a Deluxe ed. | ||
| 260 | |a Cambridge, Mass. : |a Cambridge : |b Sky Pub. Corp. ; , |b Cambridge University Press, |c 1981 | ||
| 300 | |a [2] folded p., 26 folded leaves; |b 26 maps; |c 41 cm. | ||
| 500 | |a Transparent overlay of projection grids laid in | ||
| 500 | |a Includes index to constellations and index maps to charts | ||
| 500 | |a Bibliography: p. [2] | ||
| 500 | |a Includes index | ||
| 650 | 0 | 0 | |a Stars |x Atlases. |
| 852 | |a INST |b SAMOS |e 19941103 |h 523.89 TIR |p 005300011857 |q 005300011857 |t REF |y 23 | ||
| 909 | |a Σ |b 023846 | ||